000 00479nam a2200193Ia 4500
005 20230221143821.0
008 131103s9999 xx 000 0 und d
020 _a8171898998
_cRs. 20
040 _aLoreto College
041 _aEnglish
082 _a821(I)
_bWIN
100 _aJoe, Winter
245 _aMeditation on The Goddess
_cWinter Joe
260 _aKolkata
_bWriters Workshoe
_c1995
300 _a24p.
650 _aEnglish Poetry
850 _aLCLIB
942 _cBK
999 _c20781
_d71260